Information-Controlling Systems of Production Cells With Application of Web Technology

Popis konrolných systémov používaných pri vývoji robotov.

Uložené v:
Podrobná bibliografia
Hlavný autor: Baláž, Vladimír
Ďalší autori: Daneshjo, Naqibullah, 1964-, Madáč, Kamil, Šalátová, Mária
Médium: Kapitola
Jazyk:English
Predmet:
Tagy: Pridať tag
Žiadne tagy, Buďte prvý, kto otaguje tento záznam!

MARC

LEADER 00000naa$a2200000$$$4500
001 0277958
005 20220810095724.9
041 0 |a eng 
044 |a RS 
245 1 0 |a Information-Controlling Systems of Production Cells With Application of Web Technology  |c Vladimír Baláž, Naqibullah Daneshjo, Kamil Madáč, Mária Šalátová 
520 |a Popis konrolných systémov používaných pri vývoji robotov. 
610 2 0 |a roboty priemyselné 
610 2 0 |a dizajn 
610 2 0 |a kontrola 
610 2 0 |a automatizácia 
100 1 |a Baláž, Vladimír 
700 1 |a Daneshjo, Naqibullah, 1964- 
700 1 |a Madáč, Kamil 
700 1 |a Šalátová, Mária